Flags of Europe in the Style of U.S. State Flags - Statistics

General Stats
  • This quiz has been taken 63 times
  • The average score is 16 of 24
Answer Stats
Picture Answer % Correct
Austria
93%
Spain
87%
Slovenia
85%
Albania
84%
Vatican City
84%
Kosovo
82%
Sweden
78%
Liechtenstein
76%
Alaska
69%
Denmark
69%
Moldova
69%
New Mexico
69%
Colorado
65%
Switzerland
62%
Alabama
60%
Utah
55%
Arkansas
53%
Bosnia and Herzegovina
53%
Georgia
49%
Minnesota
49%
Rhode Island
49%
Florida
47%
Delaware
40%
Wyoming
38%
No matching quizzes found
Score Distribution
Percent of People with Each Score
Percentile by Number Answered
Your Score History
You have not taken this quiz